| 000 | 00391nam a22001457a 4500 | ||
|---|---|---|---|
| 003 | MACL | ||
| 005 | 20190621164429.0 | ||
| 008 | 190621b xxu||||| |||| 00| 0 eng d | ||
| 040 | _cMACL | ||
| 100 |
_aDubey,Dr. A.K. _974274 |
||
| 245 | _aGopal Krishna Gokhale Founder of the Servants of Indian Society | ||
| 260 |
_aDelhi _bSaroj Books _c2018 |
||
| 650 |
_aBiography _975487 |
||
| 942 |
_2ddc _cBK |
||
| 999 |
_c60213 _d60213 |
||